000
00333pab a2200145 454500
008
180718b1984 xxu||||| |||| 00| 0 eng d
100
_a
Vohra, B.B.
245
_a
A national policy for water
260
_c
1984
300
_a
12-16
362
_a
June
650
_a
Water Supply - India
773
_a
Social Welfare
909
_a
20635
999
_c
20635
_d
20635